La profilaxis Ferrán (Record no. 168280)

MARC details
000 -LEADER
campo de control de longitud fija 00674nam a2200169 i 4500
001 - NÚMERO DE CONTROL
campo de control 168280
003 - IDENTIFICADOR DE NÚMERO DE CONTROL
campo de control ES-MaACL
005 - FECHA Y HORA DE LA ÚLTIMA TRANSACCIÓN
campo de control 20230906213732.0
008 - DATOS DE LONGITUD FIJA--INFORMACIÓN GENERAL
campo de control de longitud fija 051006s1885 sp | |||||||| ||spa d
040 ## - FUENTE DE CATALOGACIÓN
Centro catalogador/agencia de origen CAM
Lengua de catalogación spa
Centro/agencia transcriptor CAM
100 1# - ENTRADA PRINCIPAL--NOMBRE DE PERSONA
Nombre de persona Zuriaga, Manuel.
9 (RLIN) 134061
245 13 - MENCIÓN DEL TÍTULO
Título La profilaxis Ferrán
Resto del título : el cólera experimental atenuado y la inmunidad del cólera natural /
Mención de responsabilidad, etc. por Manuel Zuriaga.
260 ## - PUBLICACIÓN, DISTRIBUCIÓN, ETC.
Lugar de publicación, distribución, etc. Valencia :
Nombre del editor, distribuidor, etc. [s.n.],
Fecha de publicación, distribución, etc. 1885 (
Fabricante Unión Tipográfica, calle D. Ventura, núm. 1)
300 ## - DESCRIPCIÓN FÍSICA
Extensión 55, [1] p. ;
Dimensiones 21 cm.
650 ## - PUNTO DE ACCESO ADICIONAL DE MATERIA--TÉRMINO DE MATERIA
Término de materia o nombre geográfico como elemento de entrada Cólera-
Subdivisión general Prevención.
9 (RLIN) 139264
852 ## - LOCALIZACIÓN
Ubicación ES-MaACL
Número de control de estantería T-426-F-5
Nota libre -- Enc. hol., falto de la enc. original
-- -- Enc. en un vol. facticio
Holdings
Estatus retirado Estado de pérdida Estado de daño No para préstamo Colección Biblioteca de origen Biblioteca actual Ubicación en estantería Fecha de adquisición Total de préstamos Signatura topográfica completa Código de barras Visto por última vez Precio de reemplazo Tipo de ítem Koha
        Colección de folletos Biblioteca del Ateneo de Madrid Biblioteca del Ateneo de Madrid Depósito folletos 17/01/2008   T-426-F-5 1176571 23/02/2023 23/02/2023 Folleto